Tribals of Assam plains - a profile (Record no. 488925)

000 -LEADER
fixed length control field 00450cam a22001097a 4500
008 - FIXED-LENGTH DATA ELEMENTS--GENERAL INFORMATION
fixed length control field 180718b1980 xxu||||| |||| 00| 0 eng d
082 ## - DEWEY DECIMAL CLASSIFICATION NUMBER
Classification number BAx5411 As72t
245 ## - TITLE STATEMENT
Title Tribals of Assam plains - a profile
Statement of responsibility, etc. by Department if Welfare of Plains, Tribes and Backward Classes
260 ## - PUBLICATION, DISTRIBUTION, ETC.
Place of publication, distribution, etc. Gauhati
Name of publisher, distributor, etc. Director, Welfare of Plains, Tribes and Backward Classes
Date of publication, distribution, etc. 1980
300 ## - PHYSICAL DESCRIPTION
Extent 116p.
700 ## - ADDED ENTRY--PERSONAL NAME
Personal name Assam. Department of Welfare of Plains, Tribes and Backward Classes
Holdings
Withdrawn status Lost status Damaged status Not for loan Permanent Location Current Location Date acquired Full call number Barcode Date last seen Price effective from Koha item type
        Indian Institute of Public Administration Indian Institute of Public Administration 2018-08-04 BAx5411 As72t G16319 2018-08-04 2018-08-04 G

Powered by Koha